000 00293nam a2200121Ia 4500
005 20251222140109.0
008 251222s1900||||xx |||||||||||||| ||spa||
082 _a184/P66S
100 _aPlatón
245 0 _aSophiste, Politique, Timée e Critias
264 _bGarnier/Flammarion
942 _cLIB
999 _c4216
_d4216